| 000 | 00831nam a2200241 a 4500 | ||
|---|---|---|---|
| 005 | 20210223130147.0 | ||
| 008 | 070222s1995 mx r 000 0 spa d | ||
| 020 | _a9501110478 | ||
| 035 | _aUPN01000149479 | ||
| 049 | _aI | ||
| 050 | 4 |
_aDF77 _bL6.2 |
|
| 100 | 1 | _aLoverance, Rowena | |
| 245 | 1 | 0 |
_aAntigua Grecia / _cRowena Loverance y Tim Wood ; il. Philip Hood ; tr. de Graciela Jáuregui de Castro. |
| 260 |
_aBuenos Aires : _bSigmar, _c1995. |
||
| 300 |
_a48 p. : _bil. col. |
||
| 440 | 0 | _aMirando la historia | |
| 500 | _a"Con 4 escenas transparentes" | ||
| 534 |
_pTraducción de: _tAncient Greece |
||
| 651 | 4 |
_aGRECIA - _xCIVILIZACION - _yHASTA 146 A.C. - _vLITERATURA JUVENIL _96893 |
|
| 651 | 4 |
_aGRECIA - _xCIVILIZACION - _yHASTA 146 A.C. - _vLITERATURA INFANTIL |
|
| 700 | 1 |
_aWood, Tim, _ecoaut. |
|
| 905 | _aInfantil | ||
| 999 |
_c121620 _d121620 |
||